000 00302nam a22001337a 4500
008 170622b xxu||||| |||| 00| 0 eng d
020 _a9780495095453
041 _aeng
080 _24TH
_a32
100 _a21
101 _aSHP
245 _aAN INTRODUCTION TO POLICING
_cDEMPSEY,J,S
942 _2udc
_cBK
999 _c18692
_d18692